Sports Quiz

Random Sports or NBA Quiz

NBA Records Quiz for Korzemba and KOT4Q Stats

 Plays Quiz not verified by Sporcle

Challenge
Share
Tweet
Embed
Score 0/10 Timer 10:00
0 Plays Today
Question Answer Wrong Answers
Who was Wilt Chamberlain playing against in his record 100 point game? Knicks
64.4%
Celtics
9%
Bucks
11.6%
Warriors
13.5%
Who has the record for most turnovers in a season? James Harden
61%
Russell Westbrook
27.3%
Artis Gilmore
8.6%
Jrue Holiday
3%
What team was Scott Skiles playing when he had his famous record holding 30 assist game? Nuggets
52.8%
Bucks
19.9%
Spurs
12%
Rockets
15.4%
Dale Ellis of the SuperSonics has the record for most minutes in a game how many minutes did he play? 69
50.2%
70
12.7%
63
19.1%
66
17.6%
How many free throws did Jose Calderon make when on the Raptors and shot 98% from the free throw line? 151
39.7%
152
25.5%
148
19.9%
150
12.7%
Wilt Chamberlain has the record for most free throws missed. He ranks number 1 and 2 in this category. In what season did he miss the most free throws? 1961-62
36.3%
1959-60
13.1%
1962-63
28.5%
1965-66
19.1%
How many steals did Alvin Robertson average per game in the 85-86 season where he had a record-setting 301 steals? 3.7
34.8%
3.4
23.6%
3.1
12.7%
3.6
26.6%
Cal Bowlder has the record for most fouls in a game how many fouls did he have? 7
33%
9
15.7%
8
22.5%
11
25.1%
Who shares the NBA single-game block record with Manute Bol? Shaquille O'Neal
26.2%
Gheorge Mursean
21.7%
Yao Ming
19.1%
Shawn Bradley
29.2%
What team was Jason Kidd playing for when he threw a record 14 turnovers in a game? Suns
20.6%
Mavericks
25.1%
Nets
41.9%
Knicks
12%

You're not logged in!

Compare scores with friends on all Sporcle quizzes.
OR
Log In

You Might Also Like...

Show Comments

Extras

Created Jun 30, 2017ReportNominate
Tags:NBA Quiz, KOT4Q, record

Top Quizzes Today


Score Distribution

Your Account Isn't Verified!

In order to create a playlist on Sporcle, you need to verify the email address you used during registration. Go to your Sporcle Settings to finish the process.

Report this User

Report this user for behavior that violates our Community Guidelines.

Details: